| 000 | 00583 a2200193 4500 | ||
|---|---|---|---|
| 005 | 20240529113126.0 | ||
| 010 | _aB-759237 | ||
| 020 |
_a9780143333647 _c350.00 |
||
| 035 | _aB-759237 | ||
| 037 | _bGift | ||
| 082 | _aS | ||
| 100 |
_aMurty, Sudha _967028 |
||
| 245 |
_aHow I Taught my Grandmother to Read and other Stories/ _cSudha Murty |
||
| 260 |
_aGurgaon _bPenguin Books India Pvt. Ltd _c2015 |
||
| 270 |
_a7th Floor Infinity Tower C DLF Cyber City _bGurgaon _e122002 |
||
| 300 |
_a188 p. _c20 cm(Pb) |
||
| 942 |
_adpl _cCH _2ddc _hS _mMUR |
||
| 999 |
_c203350 _d203350 |
||